[Event "Rio de Janeiro op 3rd"]
[Site "Rio de Janeiro"]
[Date "2024.04.28"]
[Round "9"]
[White "Matsuura, Everaldo"]
[Black "Marra, Eduardo da Costa"]
[Result "1/2-1/2"]
[WhiteElo "2380"]
[BlackElo "2184"]
[PlyCount "47"]
[EventDate "2024.04.22"]
[EventType "swiss"]
[EventRounds "9"]
[EventCountry "BRA"]
[SourceTitle "CB18_2024"]
[SourceDate "2024.05.01"]
[SourceVersion "1"]
[SourceVersionDate "2024.05.01"]
[SourceQuality "2"]

1. e4 e5 2. Nf3 Nc6 3. Bb5 a6 4. Ba4 Nf6 5. 0-0 b5 6. Bb3 Bc5 7. c3 d6 8. d4 Bb6 9. h3 0-0 10. Be3 h6 11. Re1 Re8 12. Nbd2 Bb7 13. d5 Ne7 14. a4 c6 15. dxc6 Bxc6 16. axb5 axb5 17. Rxa8 Bxa8 18. Qe2 Bc6 19. Ra1 Qc7 20. Bc2 Bxe3 21. Qxe3 Ra8 22. Rxa8+ Bxa8 23. Qd3 Bc6 24. Nh2 1/2-1/2

[Event "Rio de Janeiro op 3rd"]
[Site "Rio de Janeiro"]
[Date "2024.04.24"]
[Round "4"]
[White "Marra, Eduardo da Costa"]
[Black "Silva, Marcelo dos Santos"]
[Result "1-0"]
[WhiteElo "2184"]
[BlackElo "1914"]
[PlyCount "75"]
[EventDate "2024.04.22"]
[EventType "swiss"]
[EventRounds "9"]
[EventCountry "BRA"]
[SourceTitle "CB18_2024"]
[SourceDate "2024.05.01"]
[SourceVersion "1"]
[SourceVersionDate "2024.05.01"]
[SourceQuality "2"]

1. e4 c5 2. Nf3 a6 3. c3 d5 4. exd5 Qxd5 5. d4 e6 6. Bd3 cxd4 7. cxd4 Qd8 8. 0-0 Nf6 9. Nc3 b6 10. Ne5 Bb7 11. Qa4+ Nbd7 12. Re1 Be7 13. Nc6 Bxc6 14. Qxc6 0-0 15. Bf4 Re8 16. Rad1 Bb4 17. Qf3 Nd5 18. Nxd5 exd5 19. Rxe8+ Qxe8 20. Qxd5 Nf6 21. Qb3 Ba5 22. h3 b5 23. Be5 Qc6 24. d5 Qb6 25. Qc2 h6 26. d6 Nd7 27. Bg3 Re8 28. Bh7+ Kh8 29. Bf5 Qb7 30. Qb3 Kg8 31. Qa3 Bd8 32. Bxd7 Qxd7 33. Qxa6 Re2 34. b3 h5 35. h4 g5 36. hxg5 Bxg5 37. Qa8+ Re8 38. Qd5 1-0

[Event "Sao Paulo Sampa op"]
[Site "Sao Paulo"]
[Date "2024.01.30"]
[Round "2"]
[White "Marra, Eduardo da Costa"]
[Black "Fier, Alexandr"]
[Result "0-1"]
[WhiteElo "2175"]
[BlackElo "2553"]
[PlyCount "86"]
[EventDate "2024.01.29"]
[EventType "swiss"]
[EventRounds "9"]
[EventCountry "BRA"]
[SourceTitle "CB06_2024"]
[SourceDate "2024.02.07"]
[SourceVersion "1"]
[SourceVersionDate "2024.02.07"]
[SourceQuality "1"]

1. e4 c6 2. d4 d5 3. e5 c5 4. c3 Nc6 5. Be2 Bf5 6. Nf3 e6 7. 0-0 Bg6 8. Be3 Nh6 9. dxc5 Nf5 10. Bd4 Be7 11. Na3 0-0 12. Nb5 Nfxd4 13. cxd4 b6 14. Rc1 bxc5 15. dxc5 Qb8 16. Nbd4 Rc8 17. Qa4 Nxe5 18. Nxe5 Qxe5 19. Nc6 Qc7 20. Nxe7+ Qxe7 21. c6 a5 22. a3 Qd6 23. Rfd1 h6 24. Rd2 Qd8 25. Qd4 Qd6 26. Qa4 f6 27. h3 Kf8 28. Bd3 Bxd3 29. Rxd3 e5 30. Qe4 dxe4 31. Rxd6 Ra6 32. g4 Rc7 33. Rc4 Ke7 34. Rd7+ Rxd7 35. cxd7 Rb6 36. b4 axb4 37. Rxb4 Rxb4 38. d8Q+ Kxd8 39. axb4 g6 40. Kf1 Kc7 41. Ke2 Kc6 42. Kd2 Kb5 43. h4 h5 0-1

[Event "Sao Paulo Sampa op"]
[Site "Sao Paulo"]
[Date "2024.01.29"]
[Round "1"]
[White "Sanches de Carvalho, Fabio"]
[Black "Marra, Eduardo da Costa"]
[Result "0-1"]
[WhiteElo "1838"]
[BlackElo "2175"]
[PlyCount "56"]
[EventDate "2024.01.29"]
[EventType "swiss"]
[EventRounds "9"]
[EventCountry "BRA"]
[SourceTitle "CB06_2024"]
[SourceDate "2024.02.07"]
[SourceVersion "1"]
[SourceVersionDate "2024.02.07"]
[SourceQuality "1"]

1. Nf3 Nf6 2. d4 g6 3. c4 d6 4. Nc3 Bg7 5. e3 0-0 6. Be2 Nbd7 7. 0-0 e5 8. b3 Re8 9. dxe5 dxe5 10. Qc2 e4 11. Nd4 c6 12. Bb2 Qa5 13. Rfe1 Qg5 14. g3 Nc5 15. h4 Qe5 16. b4 Na6 17. a3 Bg4 18. Rab1 Rad8 19. Nb3 Qh5 20. Rbd1 Bf3 21. Nd4 c5 22. Nxf3 exf3 23. Bf1 cxb4 24. Nb5 b3 25. Qb1 Nc5 26. Nd4 Nce4 27. Bd3 Qg4 28. Kh2 Nxf2 0-1

[Event "Florianopolis op 10th"]
[Site "Florianopolis"]
[Date "2024.01.23"]
[Round "5"]
[White "Ribeiro, Davison Soares"]
[Black "Marra, Eduardo da Costa"]
[Result "1-0"]
[WhiteElo "1989"]
[BlackElo "2189"]
[PlyCount "108"]
[EventDate "2024.01.20"]
[EventType "swiss"]
[EventRounds "10"]
[EventCountry "BRA"]
[SourceTitle "CB05_2024"]
[SourceDate "2024.01.31"]
[SourceVersion "1"]
[SourceVersionDate "2024.01.31"]
[SourceQuality "1"]

1. d4 Nf6 2. Bf4 d5 3. Nc3 a6 4. Nf3 e6 5. a3 c5 6. e3 Nc6 7. dxc5 Bxc5 8. Bd3 Bd6 9. Bxd6 Qxd6 10. e4 d4 11. Ne2 e5 12. Ng3 h6 13. 0-0 Be6 14. Nh4 Ne7 15. Qe2 g5 16. Nhf5 Bxf5 17. exf5 0-0 18. Rfe1 Nc6 19. Ne4 Nxe4 20. Qxe4 Qf6 21. Qg4 Kh8 22. Re4 Rac8 23. Rae1 Rg8 24. Qh5 b5 25. Rg4 Rce8 26. h4 Re7 27. Ree4 Nb8 28. hxg5 Rxg5 29. Qh2 Rxg4 30. Rxg4 Nd7 31. Rh4 Kg7 32. Rg4+ Kh7 33. Rh4 Re8 34. b4 Nf8 35. Be4 Qg5 36. g3 Rd8 37. Rh5 Qc1+ 38. Kg2 Rd6 39. Qh4 f6 40. Qg4 Rd7 41. Qh4 Rd6 42. Qg4 Rd7 43. Rh1 Qd2 44. Qh5 Re7 45. Qf3 Kg7 46. Rh5 Nh7 47. Rh1 Ng5 48. Qg4 Kh7 49. Rd1 Qc3 50. Rh1 Rg7 51. Rxh6+ Kg8 52. Qh5 Nf7 53. Rg6 d3 54. cxd3 Nh8 1-0

[Event "Titled Tuesday intern op 15th Aug Late"]
[Site "Chess.com INT"]
[Date "2023.08.15"]
[Round "2"]
[White "Morefield, Jason P"]
[Black "Marra, Eduardo da Costa"]
[Result "1-0"]
[WhiteElo "2226"]
[BlackElo "2191"]
[PlyCount "107"]
[EventDate "2023.08.15"]
[EventType "swiss (blitz)"]
[EventRounds "11"]
[EventCountry "USA"]
[SourceTitle "EXT 2024"]
[Source "ChessBase"]
[SourceDate "2023.10.10"]
[SourceVersion "1"]
[SourceVersionDate "2023.10.10"]
[SourceQuality "1"]

1. Nf3 c5 2. g3 Nc6 3. Bg2 g6 4. 0-0 Bg7 5. c4 d6 6. d3 Nf6 7. Nc3 Qd7 8. a3 0-0 9. Rb1 a5 10. Nd5 Nxd5 11. cxd5 Nd4 12. Nd2 Qg4 13. f3 Qh5 14. e3 Nb5 15. f4 Bg4 16. Qb3 Nc7 17. Qxb7 Rfc8 18. Qb3 a4 19. Qc4 Rcb8 20. b4 axb3 21. Rxb3 Bh3 22. Bxh3 Qxh3 23. Rxb8+ Rxb8 24. Qe4 Qd7 25. Nc4 f5 26. Qf3 Rb3 27. Qd1 Qb5 28. g4 Nxd5 29. gxf5 gxf5 30. Kh1 Nf6 31. Rf3 Qb7 32. Kg1 Rb1 33. Rg3 Kh8 34. Qc2 Nd5 35. Kf2 Bf6 36. e4 fxe4 37. dxe4 Bd4+ 38. Kg2 Nf6 39. Nd2 Ra1 40. Nb3 Rxc1 41. Nxc1 Nxe4 42. Rf3 Nf6 43. Qd3 Qb2+ 44. Ne2 Kg7 45. Kh3 Kf7 46. Rg3 Qa1 47. Nxd4 Qf1+ 48. Qxf1 cxd4 49. Kg2 Ne4 50. Qd3 d5 51. Qxd4 Nf6 52. Qe5 e6 53. f5 Nd7 54. Qxe6+ 1-0

[Event "Pindamonhangaba Rezende Memorial"]
[Site "Pindamonhangaba"]
[Date "2023.08.04"]
[Round "1"]
[White "Borensztajn, David"]
[Black "Marra, Eduardo da Costa"]
[Result "0-1"]
[WhiteElo "1561"]
[BlackElo "2191"]
[PlyCount "84"]
[EventDate "2023.08.04"]
[EventType "swiss"]
[EventRounds "6"]
[EventCountry "BRA"]
[SourceTitle "CBM 215 Extra"]
[Source "ChessBase"]
[SourceDate "2023.09.30"]
[SourceVersion "1"]
[SourceVersionDate "2023.09.30"]
[SourceQuality "1"]

1. d4 Nf6 2. e3 c5 3. c3 b6 4. Bd3 Bb7 5. Nf3 g6 6. Nbd2 Bg7 7. 0-0 0-0 8. Qe2 Nc6 9. e4 cxd4 10. cxd4 Nb4 11. Bb1 Ba6 12. Nc4 Rc8 13. b3 d5 14. exd5 Nbxd5 15. Re1 Qc7 16. Bd3 Nb4 17. Ba3 Nfd5 18. Bxb4 Nxb4 19. Rac1 b5 20. Ncd2 Qxc1 21. Rxc1 Rxc1+ 22. Nf1 Nxd3 23. Qxd3 Rfc8 24. h3 R8c6 25. b4 Bf6 26. Kh2 R6c3 27. Qe2 R3c2 28. Qd3 Rxa2 29. Ne3 Bb7 30. Kg3 a6 31. d5 Rc3 32. Qe4 h5 33. Qf4 Kg7 34. Qb8 Bc8 35. d6 Be6 36. dxe7 Bxe7 37. Qb6 Bf6 38. Qd6 Raa3 39. Qb6 Ra4 40. Nd4 h4+ 41. Kf3 Bd5+ 42. Kg4 Rxb4 0-1

[Event "Titled Tuesday intern op 30th May Early"]
[Site "Chess.com INT"]
[Date "2023.05.30"]
[Round "1"]
[White "Floresvillar Gonzalez, Luis Miguel"]
[Black "Marra, Eduardo da Costa"]
[Result "0-1"]
[WhiteElo "2043"]
[BlackElo "2205"]
[PlyCount "90"]
[EventDate "2023.05.30"]
[EventType "swiss (blitz)"]
[EventRounds "11"]
[EventCountry "USA"]
[SourceTitle "CBM 214 Extra"]
[Source "ChessBase"]
[SourceDate "2023.07.31"]
[SourceVersion "1"]
[SourceVersionDate "2023.07.31"]
[SourceQuality "1"]

1. d4 Nf6 2. c3 e6 3. Bg5 c5 4. e3 d5 5. Nd2 Nbd7 6. Bd3 Bd6 7. f4 h6 8. Bxf6 Nxf6 9. Ngf3 Bd7 10. 0-0 Qc7 11. Ne5 Bc6 12. Rc1 c4 13. Bb1 b5 14. b4 a5 15. a3 axb4 16. axb4 Ra3 17. Ng4 Ne4 18. Nxe4 dxe4 19. Ne5 Bd5 20. Qg4 0-0 21. h4 f5 22. Qh3 Kh7 23. g4 Bxe5 24. fxe5 Qe7 25. gxf5 exf5 26. Rxf5 Be6 27. Bxe4 Bxf5 28. Bxf5+ Kg8 29. e4 Ra2 30. Rf1 Rd2 31. Qg3 Qe8 32. Rf2 Rd1+ 33. Rf1 Rxf1+ 34. Kxf1 Qh5 35. Kg2 Qe2+ 36. Kh3 Qf1+ 37. Kh2 Qe2+ 38. Kh3 Qh5 39. Qg4 Qe8 40. Qg6 Qxg6 41. Bxg6 Rf3+ 42. Kg4 Rxc3 43. e6 Kf8 44. d5 Rd3 45. Kf4 c3 0-1

[Event "Titled Tuesday intern op 30th May Early"]
[Site "Chess.com INT"]
[Date "2023.05.30"]
[Round "5"]
[White "Marra, Eduardo da Costa"]
[Black "Abdilkhair, Abilmansur"]
[Result "1-0"]
[WhiteElo "2205"]
[BlackElo "2268"]
[PlyCount "93"]
[EventDate "2023.05.30"]
[EventType "swiss (blitz)"]
[EventRounds "11"]
[EventCountry "USA"]
[SourceTitle "CBM 214 Extra"]
[Source "ChessBase"]
[SourceDate "2023.07.31"]
[SourceVersion "1"]
[SourceVersionDate "2023.07.31"]
[SourceQuality "1"]

1. d4 d5 2. Nc3 e6 3. Bf4 a6 4. Nf3 Nf6 5. e3 Bd6 6. Bd3 Bxf4 7. exf4 c5 8. dxc5 Qc7 9. Qd2 Qxc5 10. 0-0 0-0 11. Rae1 Nc6 12. a3 Bd7 13. Ne5 Rad8 14. Re3 Qd6 15. Nd1 d4 16. Ree1 Nd5 17. g3 f6 18. Nxd7 Rxd7 19. Qe2 e5 20. Qh5 g6 21. Qf3 Kg7 22. Re2 Re7 23. Rfe1 Rfe8 24. f5 g5 25. Kh1 b5 26. Be4 Rd8 27. h4 h6 28. hxg5 hxg5 29. Kg2 Red7 30. Rh1 Nde7 31. Ree1 Rh8 32. Rxh8 Kxh8 33. Rh1+ Kg7 34. Qh5 Ng8 35. Qh8+ Kf8 36. f3 Rg7 37. Nf2 Nce7 38. Ng4 Kf7 39. Rh7 Rxh7 40. Qxh7+ Ke8 41. Qg7 Kd7 42. Qf7 Qb8 43. Nxf6+ Nxf6 44. Qxf6 g4 45. Qe6+ Ke8 46. f6 Qc8 47. Qxe7# 1-0

[Event "Titled Tuesday intern op 30th May Late"]
[Site "Chess.com INT"]
[Date "2023.05.30"]
[Round "2"]
[White "Marra, Eduardo da Costa"]
[Black "Xiong, Jeffery"]
[Result "0-1"]
[WhiteElo "2205"]
[BlackElo "2692"]
[PlyCount "104"]
[EventDate "2023.05.30"]
[EventType "swiss (blitz)"]
[EventRounds "11"]
[EventCountry "USA"]
[SourceTitle "CBM 214 Extra"]
[Source "ChessBase"]
[SourceDate "2023.07.31"]
[SourceVersion "1"]
[SourceVersionDate "2023.07.31"]
[SourceQuality "1"]

1. d4 d5 2. Nc3 Nf6 3. Bf4 e6 4. Nb5 Na6 5. e3 Be7 6. Nf3 0-0 7. Ne5 Ne4 8. Bd3 f6 9. Nf3 c6 10. Nc3 Nxc3 11. bxc3 c5 12. 0-0 c4 13. Be2 Bd7 14. a4 Qa5 15. Qd2 Bxa4 16. h4 b5 17. h5 Qd8 18. Nh2 Bd6 19. e4 dxe4 20. f3 exf3 21. Bxf3 Rb8 22. Rfe1 Nc7 23. h6 g5 24. Bxd6 Qxd6 25. Ng4 Kh8 26. Re2 Rbd8 27. Rae1 b4 28. d5 bxc3 29. Qxc3 e5 30. Rd2 Qc5+ 31. Kh1 Nxd5 32. Qa1 Bc6 33. Red1 c3 34. Rd3 Rd7 35. Ne3 Rfd8 36. Nxd5 Bxd5 37. Rxc3 Qf8 38. Bxd5 Rxd5 39. Rxd5 Rxd5 40. Rh3 g4 41. Rh5 Qf7 42. Rh4 f5 43. Qc3 Qf6 44. Rh5 Rd8 45. Kh2 Re8 46. Qc7 f4 47. Qxa7 g3+ 48. Kh1 Rd8 49. Qg1 Qd6 50. Rf5 Kg8 51. Rg5+ Kf7 52. Qf1 Qxh6+ 0-1

[Event "Titled Tuesday intern op 30th May Early"]
[Site "Chess.com INT"]
[Date "2023.05.30"]
[Round "9"]
[White "Prohaszka, Peter"]
[Black "Marra, Eduardo da Costa"]
[Result "1-0"]
[WhiteElo "2585"]
[BlackElo "2205"]
[PlyCount "53"]
[EventDate "2023.05.30"]
[EventType "swiss (blitz)"]
[EventRounds "11"]
[EventCountry "USA"]
[SourceTitle "CBM 214 Extra"]
[Source "ChessBase"]
[SourceDate "2023.07.31"]
[SourceVersion "1"]
[SourceVersionDate "2023.07.31"]
[SourceQuality "1"]

1. d4 Nf6 2. c3 g6 3. Bg5 Bg7 4. Nd2 d5 5. Ngf3 c5 6. e3 Nc6 7. dxc5 a5 8. a4 0-0 9. Bb5 Qc7 10. 0-0 e5 11. Bxf6 Bxf6 12. e4 Be6 13. exd5 Bxd5 14. Bc4 Rad8 15. Bxd5 Rxd5 16. Qb3 Rfd8 17. Ne4 Be7 18. Rad1 Rxd1 19. Rxd1 Kg7 20. g3 h6 21. Kg2 Rxd1 22. Qxd1 Nd8 23. Qd5 f6 24. Nfd2 Nf7 25. Nc4 h5 26. h4 Qc8 27. Qxf7+ 1-0

[Event "Titled Tuesday intern op 7th Mar Late"]
[Site "Chess.com INT"]
[Date "2023.03.07"]
[Round "3"]
[White "Marra, Eduardo da Costa"]
[Black "Yano, William Jorge Froes"]
[Result "1-0"]
[WhiteElo "2228"]
[BlackElo "2045"]
[PlyCount "67"]
[EventDate "2023.03.07"]
[EventType "swiss (blitz)"]
[EventRounds "11"]
[EventCountry "USA"]
[SourceTitle "EXT 2024"]
[Source "ChessBase"]
[SourceDate "2023.10.10"]
[SourceVersion "1"]
[SourceVersionDate "2023.10.10"]
[SourceQuality "1"]

1. c4 Nf6 2. g3 g6 3. Bg2 Bg7 4. d3 0-0 5. Nc3 c5 6. Nf3 Nc6 7. 0-0 b6 8. a3 Bb7 9. Rb1 d5 10. cxd5 Nxd5 11. Nxd5 Qxd5 12. Be3 Nd4 13. Ne1 Qd7 14. b4 Bxg2 15. Nxg2 Rac8 16. bxc5 Rxc5 17. Bd2 Rfc8 18. Ne3 Qh3 19. f3 Rh5 20. Rf2 Bh6 21. Rc1 Rxc1 22. Qxc1 Rc5 23. Qb2 Rb5 24. Qa2 e5 25. a4 Rb3 26. Nf1 Bxd2 27. Nxd2 Rb4 28. a5 bxa5 29. f4 Qg4 30. fxe5 Ne6 31. Nc4 a4 32. Nd6 Qd4 33. Nxf7 Rb6 34. Ng5 1-0

[Event "Titled Tuesday intern op 28th Feb Late"]
[Site "Chess.com INT"]
[Date "2023.02.28"]
[Round "1"]
[White "Sabar, Ethmane Daouda"]
[Black "Marra, Eduardo da Costa"]
[Result "1-0"]
[WhiteElo "2040"]
[BlackElo "2228"]
[PlyCount "89"]
[EventDate "2023.02.28"]
[EventType "swiss (blitz)"]
[EventRounds "11"]
[EventCountry "USA"]
[SourceTitle "CBM 213 Extra"]
[Source "ChessBase"]
[SourceDate "2023.05.31"]
[SourceVersion "1"]
[SourceVersionDate "2023.05.31"]
[SourceQuality "1"]

1. b3 e5 2. Bb2 Nc6 3. e3 a6 4. Nf3 d6 5. d4 e4 6. Nfd2 f5 7. c4 Nf6 8. Be2 Be7 9. Nc3 0-0 10. 0-0 Qe8 11. f3 exf3 12. Bxf3 Bd7 13. Qe2 Qg6 14. Rae1 Rae8 15. Nd5 Bd8 16. Nxf6+ Bxf6 17. Bh5 Qg5 18. Bxe8 Rxe8 19. Nf3 Qh6 20. a3 g5 21. d5 Ne5 22. Nxe5 dxe5 23. e4 f4 24. g4 Qh3 25. Qf3 Qxf3 26. Rxf3 Bxg4 27. Rd3 Be7 28. b4 b6 29. Bxe5 Bd8 30. Bc3 Bf5 31. exf5 Rf8 32. c5 Kf7 33. d6 bxc5 34. bxc5 cxd6 35. Rxd6 Be7 36. Rd7 Re8 37. Rexe7+ Rxe7 38. Rxe7+ Kxe7 39. Be5 h6 40. c6 a5 41. Kf2 a4 42. Bc7 Kf6 43. Bd8+ Kf7 44. c7 Ke8 45. c8Q 1-0

[Event "Florianopolis op 9th"]
[Site "Florianopolis"]
[Date "2023.01.29"]
[Round "10"]
[White "Federzoni, Enzo"]
[Black "Marra, Eduardo da Costa"]
[Result "1-0"]
[WhiteElo "2123"]
[BlackElo "2275"]
[PlyCount "62"]
[EventDate "2023.01.23"]
[EventType "swiss"]
[EventRounds "10"]
[EventCountry "BRA"]
[SourceTitle "CBM 212 Extra"]
[Source "ChessBase"]
[SourceDate "2023.03.31"]
[SourceVersion "1"]
[SourceVersionDate "2023.03.31"]
[SourceQuality "1"]

1. e4 c5 2. Nf3 e6 3. d4 cxd4 4. Nxd4 Nf6 5. Nc3 Nc6 6. Nxc6 bxc6 7. e5 Nd5 8. Ne4 Qc7 9. f4 c5 10. c4 Nb4 11. Be2 Bb7 12. Bf3 Nc6 13. Be3 Rb8 14. 0-0 Nd4 15. Bxd4 cxd4 16. Qxd4 Bxe4 17. Qxe4 Rxb2 18. Kh1 Bc5 19. f5 0-0 20. f6 g6 21. h4 Rd8 22. Rad1 d5 23. cxd5 exd5 24. Rxd5 Rb4 25. Qe1 Rd4 26. e6 fxe6 27. Qxe6+ Kh8 28. Rxd4 Bxd4 29. Re1 Bc5 30. Rc1 Rb8 31. Qc4 Re8 1-0

[Event "Florianopolis op 9th"]
[Site "Florianopolis"]
[Date "2023.01.25"]
[Round "4"]
[White "Marra, Eduardo da Costa"]
[Black "Bitencourt, Evandro Jose dos S"]
[Result "1/2-1/2"]
[WhiteElo "2275"]
[BlackElo "1859"]
[PlyCount "52"]
[EventDate "2023.01.23"]
[EventType "swiss"]
[EventRounds "10"]
[EventCountry "BRA"]
[SourceTitle "CBM 212 Extra"]
[Source "ChessBase"]
[SourceDate "2023.03.31"]
[SourceVersion "1"]
[SourceVersionDate "2023.03.31"]
[SourceQuality "1"]

1. e4 c5 2. Nf3 d6 3. d4 cxd4 4. Nxd4 Nf6 5. Nc3 a6 6. h4 e5 7. Nb3 Be6 8. f4 Qc7 9. Be2 h5 10. Qd3 b5 11. Be3 Nbd7 12. a4 Bc4 13. Qd2 b4 14. Nd5 Nxd5 15. exd5 Rc8 16. Qxb4 Bxe2 17. Kxe2 Qxc2+ 18. Nd2 Qg6 19. Qe4 Qg4+ 20. Qf3 Qf5 21. Rhc1 Rb8 22. Rc4 Be7 23. b3 0-0 24. Qe4 Qg4+ 25. Qf3 Qf5 26. Qe4 Qg4+ 1/2-1/2